Hodnocení vědeckotechnického rozvoje z oblastních hledisek hlavní úkol SPEV 901 311 301 2 etapa
Salvato in:
| Natura: | Libro |
|---|---|
| Lingua: | ceco |
| Pubblicazione: |
Ostrava
Výzkumný ústav rozv. obl. a měst
1982
|
| Tags: |
Nessun Tag, puoi essere il primo ad aggiungerne!!
|
MARC
| LEADER | 00000nam a2200000 4500 | ||
|---|---|---|---|
| 001 | c128608 | ||
| 005 | 20181203150424.1 | ||
| 041 | 0 | |a cze | |
| 044 | |a CZ | ||
| 245 | 1 | 0 | |a Hodnocení vědeckotechnického rozvoje z oblastních hledisek |b hlavní úkol SPEV 901 311 301 2 etapa |
| 264 | 1 | |a Ostrava |b Výzkumný ústav rozv. obl. a měst |c 1982 | |
| 300 | |a 231 s. |e tab. príl. | ||